| 000 | 00812nam a2200265 a 4500 | ||
|---|---|---|---|
| 001 | 42698 | ||
| 003 | BD-RjUL | ||
| 005 | 20211209053558.0 | ||
| 008 | 160615s1975 enk b 000 0 eng | ||
| 020 | _a0333154142 | ||
| 035 | _a(BD-RjUL)42816 | ||
| 040 |
_aDLC _cDLC _dm.c _dBD-RjUL _beng |
||
| 041 | _aeng | ||
| 082 |
_a338.9 _bLEE 1975 |
||
| 100 | 1 | 0 |
_aLecomber, Richard, _d1937-1984. _9131246 |
| 245 | 1 | 0 |
_aEconomic growth versus the environment / _cRichard Lecomber |
| 260 |
_aLondon : _bMacmillan, _c1975. |
||
| 300 |
_a96 p. ; _c21 cm |
||
| 504 | _aBibliography: p. 89-96. | ||
| 650 | 0 |
_aEconomic development _xSocial aspects. _9130645 |
|
| 650 | 0 |
_aEnvironmental policy. _9131247 |
|
| 650 | 0 |
_aExternalities (Economics) _9131248 |
|
| 830 | 0 |
_aMacmillan studies in economics. _9131249 |
|
| 942 |
_2ddc _cBK |
||
| 999 |
_c42698 _d42698 |
||